Last 10 Teams to move from FCS to FBS Football - Statistics

General Stats
  • This quiz has been taken 14 times
    4 since last reset
  • The average score is 6 of 10
Answer Stats
1st Season Answer % Correct
2025-2026 Delaware
100%
2024-2025 Kennesaw State
75%
2025-2026 Missouri State
75%
2026-2027* North Dakota State
75%
2023-2024 Sam Houston
75%
2022-2023 James Madison (JMU)
50%
2018-2019 Liberty
50%
Newest: 2026-2027* Sacramento State
50%
2017-2018 Coastal Carolina
25%
2023-2024 Jacksonville State
25%
No matching quizzes found
Score Distribution
Percent of People with Each Score
Percentile by Number Answered
Your Score History
You have not taken this quiz since the last reset